[Event "MTO-2021"]
[Site "?"]
[Date "2021.??.??"]
[Round "5.128"]
[White "Eric Jovana"]
[Black "Mayrhuber Nikola"]
[Result "1-0"]
[WhiteElo "2250"]
[BlackElo "2062"]
[PlyCount "55"]
[EventDate "2021.??.??"]
[WhiteTeam "Serbien"]
[BlackTeam "Österreich"]
[WhiteTeamCountry "SRB"]
[BlackTeamCountry "AUT"]

1. e4 e6 2. d4 d5 3. Nd2 Be7 4. Ngf3 Nf6 5. e5 Nfd7 6. Bd3 c5 7. c3 Nc6 8. O-O
g5 9. dxc5 Ndxe5 10. Bb5 Ng6 11. Nb3 Bd7 12. Re1 g4 13. Nfd4 e5 14. Nc2 Be6 15.
Nb4 Rc8 16. Bh6 Bf8 17. Qd2 a5 18. Nd3 f6 19. Nd4 Kf7 20. Nxe6 Kxe6 21. Bxf8
Qxf8 22. Ba4 h5 23. Bb3 Nce7 24. c4 Qd8 25. cxd5+ Nxd5 26. Rad1 Ke7 27. Bxd5
Qxd5 28. Nxe5 1-0

[Event "MTO-2021"]
[Site "?"]
[Date "2021.??.??"]
[Round "5.129"]
[White "Pahud Cédric"]
[Black "Dornieden Jonas"]
[Result "1/2-1/2"]
[WhiteElo "2200"]
[BlackElo "2001"]
[PlyCount "82"]
[EventDate "2021.??.??"]
[WhiteTeam "Schweiz"]
[BlackTeam "Schweiz"]
[WhiteTeamCountry "SUI"]
[BlackTeamCountry "SUI"]

1. e4 c5 2. Nf3 Nc6 3. Nc3 e5 4. Bc4 Be7 5. d3 d6 6. Nd2 Nf6 7. Nf1 Bg4 8. f3
Be6 9. Ne3 O-O 10. O-O Nd7 11. Ncd5 Nb6 12. Nxb6 axb6 13. a4 Bg5 14. Nd5 Bxc1
15. Qxc1 Bxd5 16. Bxd5 Nb4 17. Bxb7 Ra7 18. Bd5 Nxd5 19. exd5 Qa8 20. c4 Rxa4
21. Rxa4 Qxa4 22. f4 f6 23. h3 b5 24. fxe5 bxc4 25. dxc4 fxe5 26. Rxf8+ Kxf8
27. Qf1+ Kg8 28. Qf5 Qe8 29. b4 cxb4 30. c5 dxc5 31. d6 b3 32. d7 Qd8 33. Qe6+
Kf8 34. Qxe5 Qxd7 35. Qxc5+ Kf7 36. Qc4+ Qe6 37. Qc7+ Kg6 38. Qg3+ Kf5 39. Qf3+
Kg5 40. Qg3+ Kf6 41. Qf4+ Kg6 1/2-1/2

[Event "MTO-2021"]
[Site "?"]
[Date "2021.??.??"]
[Round "5.130"]
[White "Heer Stephan"]
[Black "Kamber Bruno"]
[Result "1/2-1/2"]
[WhiteElo "2063"]
[BlackElo "2275"]
[PlyCount "103"]
[EventDate "2021.??.??"]
[WhiteTeam "Schweiz"]
[BlackTeam "Schweiz"]
[WhiteTeamCountry "SUI"]
[BlackTeamCountry "SUI"]

1. e4 c5 2. Nf3 Nc6 3. d3 d5 4. Nbd2 e5 5. g3 Nge7 6. Bg2 f6 7. c3 d4 8. Qc2
Be6 9. a3 Ng6 10. Rb1 Rc8 11. O-O Be7 12. c4 O-O 13. Re1 Kh8 14. h4 Rf7 15. h5
Nf8 16. Nh2 Qd7 17. f4 g6 18. h6 Bd6 19. Ndf3 Qc7 20. Qd2 Nd7 21. b4 Bf8 22. b5
Ne7 23. fxe5 Nxe5 24. Nxe5 Qxe5 25. Qf4 Qxf4 26. gxf4 Ng8 27. f5 gxf5 28. b6
axb6 29. e5 fxe5 30. Rxb6 Bd7 31. Bd5 Rf6 32. Rxb7 Rg6+ 33. Kf1 Bc6 34. Bxc6
Rgxc6 35. Rxe5 Bd6 36. Re2 Bc7 37. Nf3 Nxh6 38. Ne5 Bxe5 39. Rxe5 Ng4 40. Rxf5
h6 41. Rff7 Rg6 42. Bf4 Kg8 43. Ke2 Re8+ 44. Kf3 Ne5+ 45. Bxe5 Rxe5 46. Rbe7
Rh5 47. Ke4 Rg4+ 48. Rf4 Rg3 49. Re8+ Kg7 50. Re7+ Kg6 51. Re6+ Kg7 52. Re7+
1/2-1/2

[Event "MTO-2021"]
[Site "?"]
[Date "2021.??.??"]
[Round "5.131"]
[White "Ermitsch Magnus"]
[Black "Wacker Peter"]
[Result "1-0"]
[WhiteElo "2039"]
[BlackElo "2263"]
[PlyCount "81"]
[EventDate "2021.??.??"]
[WhiteTeam "Deutschland"]
[BlackTeam "Deutschland"]
[WhiteTeamCountry "GER"]
[BlackTeamCountry "GER"]

1. e4 e5 2. Nf3 Nc6 3. Bb5 a6 4. Ba4 Nf6 5. O-O Be7 6. d3 b5 7. Bb3 d6 8. a3
O-O 9. Nc3 Bg4 10. Be3 Na5 11. Ba2 c6 12. b4 Nb7 13. h3 Bh5 14. g4 Bg6 15. Ne2
Qc7 16. Nh4 Kh8 17. Ng3 Ng8 18. Nhf5 f6 19. f4 Bd8 20. Qf3 Bf7 21. c3 Bxa2 22.
Rxa2 a5 23. Rh2 axb4 24. axb4 Ra3 25. Bd2 Qd7 26. h4 exf4 27. Bxf4 g6 28. Ne3
Rxc3 29. h5 g5 30. Bxg5 Rxd3 31. Qe2 Rb3 32. Qd2 Bb6 33. Kh1 Nd8 34. Bf4 Ne6
35. Nef5 Nxf4 36. Qxf4 Bc7 37. Nh4 Re8 38. Ng6+ Kg7 39. Nf5+ Kf7 40. Nh6+ Nxh6
41. Qxf6+ 1-0

[Event "MTO-2021"]
[Site "?"]
[Date "2021.??.??"]
[Round "5.132"]
[White "Küng Nicolas"]
[Black "Rakhmangulova Anastasiya"]
[Result "1-0"]
[WhiteElo "2005"]
[BlackElo "2167"]
[PlyCount "71"]
[EventDate "2021.??.??"]
[WhiteTeam "Schweiz"]
[BlackTeam "Ukraine"]
[WhiteTeamCountry "SUI"]
[BlackTeamCountry "UKR"]

1. d4 Nf6 2. c4 g6 3. Nc3 Bg7 4. e4 d6 5. Be2 O-O 6. Be3 c5 7. d5 Na6 8. Nf3
Nc7 9. h3 a6 10. a4 b6 11. O-O Bb7 12. Qc2 e6 13. a5 exd5 14. axb6 Nce8 15.
cxd5 Nd7 16. Bg5 Nef6 17. Ra3 Qxb6 18. Nd2 Qc7 19. Rfa1 Nb8 20. Nc4 Ne8 21. Qd2
Bc8 22. e5 f6 23. exd6 Qd8 24. Be3 Nd7 25. Ne4 f5 26. Ng5 Ne5 27. Ne6 Nxc4 28.
Bxc4 Qh4 29. Bxa6 Nxd6 30. Nxf8 Ne4 31. Qe2 Bxa6 32. Rxa6 Rxf8 33. Ra8 f4 34.
Rxf8+ Bxf8 35. Bc1 Ng5 36. Qg4 1-0

[Event "MTO-2021"]
[Site "?"]
[Date "2021.??.??"]
[Round "5.133"]
[White "Zimmermann Luc"]
[Black "Manukonda Arun"]
[Result "1-0"]
[WhiteElo "2151"]
[BlackElo "2033"]
[PlyCount "95"]
[EventDate "2021.??.??"]
[WhiteTeam "Niederlande"]
[BlackTeam "Indien"]
[WhiteTeamCountry "NED"]
[BlackTeamCountry "IND"]

1. e4 c5 2. c3 Nf6 3. e5 Nd5 4. d4 cxd4 5. Nf3 d6 6. Bc4 Nb6 7. Bb3 Nc6 8. exd6
Qxd6 9. O-O Be6 10. Nxd4 Nxd4 11. cxd4 Bxb3 12. axb3 g6 13. Qf3 Qd7 14. Re1 Bg7
15. Bg5 e6 16. Nc3 O-O 17. Red1 a6 18. Ra5 f6 19. Be3 Nc8 20. d5 e5 21. d6 Kh8
22. Rc5 f5 23. Rc7 Qe6 24. Rxg7 Kxg7 25. Qxb7+ Ne7 26. dxe7 Rfe8 27. Rd8 Rc8
28. Bc5 Kh6 29. Rxe8 Rxe8 30. Qd5 Rxe7 31. Bxe7 Qxe7 32. g3 e4 33. Qd2+ Kg7 34.
Qd4+ Kh6 35. h4 Qe6 36. Nd5 a5 37. Qd2+ Kg7 38. Qxa5 Kh6 39. Qd2+ Kg7 40. Qd4+
Kh6 41. b4 Qa6 42. Kg2 Qa4 43. Qc5 Qa8 44. b5 Kg7 45. b6 Kh6 46. Qc1+ Kg7 47.
Qc7+ Kh6 48. b7 1-0

[Event "MTO-2021"]
[Site "?"]
[Date "2021.??.??"]
[Round "5.134"]
[White "Borner Daniel"]
[Black "Schmid Christoph"]
[Result "1/2-1/2"]
[WhiteElo "2133"]
[BlackElo "2091"]
[PlyCount "39"]
[EventDate "2021.??.??"]
[WhiteTeam "Schweiz"]
[BlackTeam "Schweiz"]
[WhiteTeamCountry "SUI"]
[BlackTeamCountry "SUI"]

1. e4 e6 2. d3 d5 3. Qe2 Nc6 4. Nf3 e5 5. h3 dxe4 6. dxe4 Nf6 7. c3 a5 8. a4
Bc5 9. Qc2 Qe7 10. Bb5 O-O 11. O-O h6 12. Nbd2 Nh5 13. Nc4 f6 14. Ne3 Nf4 15.
Nh4 Rd8 16. Kh2 Be6 17. Nhf5 Qf7 18. g3 Ng6 19. Qe2 Nge7 20. Nxe7+ 1/2-1/2

[Event "MTO-2021"]
[Site "?"]
[Date "2021.??.??"]
[Round "5.135"]
[White "Giacomini Hector"]
[Black "Salzgeber Frank"]
[Result "0-1"]
[WhiteElo "2104"]
[BlackElo "2183"]
[PlyCount "112"]
[EventDate "2021.??.??"]
[WhiteTeam "Frankreich"]
[BlackTeam "Schweiz"]
[WhiteTeamCountry "FRA"]
[BlackTeamCountry "SUI"]

1. Nf3 Nf6 2. e3 d5 3. c4 e6 4. Nc3 Bd6 5. b3 O-O 6. Bb2 b6 7. d4 Bb7 8. Bd3
Nbd7 9. O-O a6 10. cxd5 exd5 11. Rc1 Re8 12. Ne2 Qe7 13. Rc2 Ne4 14. Qc1 Rac8
15. a4 f5 16. Rd1 g6 17. g3 Nef6 18. Nf4 Ng4 19. Bf1 Ndf6 20. h3 Nh6 21. Bg2
Nf7 22. Nd3 Ne4 23. Nfe5 Nd8 24. Qa1 a5 25. Qc1 Rf8 26. h4 Re8 27. Nf4 Ne6 28.
Nxe6 Qxe6 29. Nd3 Qe7 30. Nf4 Kg7 31. Bf1 h6 32. Bb5 Rg8 33. Bc6 Bxc6 34. Rxc6
Nf6 35. Qc2 g5 36. hxg5 hxg5 37. Nxd5 Nxd5 38. Qxf5 Qf7 39. Qxg5+ Kf8 40. Qh6+
Ke7 41. Rc2 Qf3 42. Qh7+ Kf8 43. Rdd2 Nxe3 44. Qh6+ Kf7 45. Qxe3 Rxg3+ 46. Kf1
Qg2+ 47. Ke2 Rxe3+ 48. Kxe3 Re8+ 49. Kd3 Qf3+ 50. Kc4 Bb4 51. Bc3 Qc6+ 52. Kd3
Qe4+ 53. Kc4 Bd6 54. b4 Qc6+ 55. Kb3 Qd5+ 56. Ka3 Qc4 0-1

[Event "MTO-2021"]
[Site "?"]
[Date "2021.??.??"]
[Round "5.136"]
[White "Ohler Julius"]
[Black "Ferster Fabian"]
[Result "1/2-1/2"]
[WhiteElo "2014"]
[BlackElo "2143"]
[PlyCount "41"]
[EventDate "2021.??.??"]
[WhiteTeam "Deutschland"]
[BlackTeam "Liechtenstein"]
[WhiteTeamCountry "GER"]
[BlackTeamCountry "LIE"]

1. d4 Nf6 2. Nf3 g6 3. g3 Bg7 4. Bg2 d5 5. O-O O-O 6. Nbd2 b6 7. c4 Bb7 8. b3
Na6 9. Bb2 Rc8 10. Ne5 e6 11. Rc1 c5 12. dxc5 Nxc5 13. Nd3 Nxd3 14. exd3 Qe7
15. Qe2 Rfd8 16. Rfd1 h5 17. Nf3 Rc7 18. Ne5 Nd7 19. Nxd7 Rcxd7 20. Bxg7 Kxg7
21. h3 1/2-1/2

[Event "MTO-2021"]
[Site "?"]
[Date "2021.??.??"]
[Round "5.124"]
[White "Noaman Omar"]
[Black "Gueci Tea"]
[Result "1/2-1/2"]
[WhiteElo "2367"]
[BlackElo "2179"]
[PlyCount "100"]
[EventDate "2021.??.??"]
[WhiteTeam "Vereinigte Arabische Emirate"]
[BlackTeam "Italien"]
[WhiteTeamCountry "UAE"]
[BlackTeamCountry "ITA"]

1. d4 d5 2. c4 e6 3. Nc3 c5 4. e3 Nc6 5. Nf3 Nf6 6. a3 a6 7. Bd3 dxc4 8. Bxc4
cxd4 9. exd4 Be7 10. O-O O-O 11. Ba2 b5 12. Bg5 b4 13. Na4 bxa3 14. bxa3 h6 15.
Bh4 Nd5 16. Bg3 Bd7 17. Re1 Qa5 18. Bxd5 exd5 19. Nc5 Bxc5 20. dxc5 Qxc5 21.
Ne5 Nxe5 22. Bxe5 Bf5 23. Re3 Rac8 24. h4 Rfe8 25. Rc3 Qb5 26. Rxc8 Rxc8 27.
Qf3 Qd3 28. Qxd3 Bxd3 29. Rd1 Bc4 30. Bd4 a5 31. f3 a4 32. Rc1 Re8 33. Rc2 h5
34. Kf2 f6 35. Rb2 Bb3 36. Re2 Rc8 37. Rd2 Kf7 38. g4 hxg4 39. fxg4 Re8 40. Re2
Re4 41. Rxe4 dxe4 42. Ke3 Bc2 43. Kf4 g6 44. Bc3 Bd1 45. Bd4 Ke6 46. Kxe4 Bxg4
47. Kf4 Bh5 48. Bc3 f5 49. Bb2 Kd5 50. Bf6 Kc4 1/2-1/2

[Event "MTO-2021"]
[Site "?"]
[Date "2021.??.??"]
[Round "5.101"]
[White "Salem Saleh"]
[Black "Murali Karthikeyan"]
[Result "0-1"]
[WhiteElo "2682"]
[BlackElo "2606"]
[PlyCount "140"]
[EventDate "2021.??.??"]
[WhiteTeam "Vereinigte Arabische Emirate"]
[BlackTeam "Indien"]
[WhiteTeamCountry "UAE"]
[BlackTeamCountry "IND"]

1. d4 Nf6 2. c4 e6 3. Nc3 Bb4 4. e3 O-O 5. Bd3 d5 6. Nf3 dxc4 7. Bxc4 c5 8. O-O
Nc6 9. Bd3 h6 10. a3 Ba5 11. dxc5 Bxc3 12. bxc3 Qa5 13. Qc2 Qxc5 14. a4 Re8 15.
Ba3 Qh5 16. Rab1 e5 17. Nd2 b6 18. c4 Be6 19. c5 bxc5 20. Bxc5 Rac8 21. Rfc1
Red8 22. Nf1 Nb8 23. Ng3 Qg5 24. Nf5 Bxf5 25. Bxf5 Nbd7 26. f4 Qh5 27. Rd1 exf4
28. exf4 g6 29. g4 Nxg4 30. Rxd7 Rxd7 31. Bd4 Rdc7 32. Qxc7 Qxh2+ 33. Kf1 Qh1+
34. Ke2 Qg2+ 35. Kd3 Nf2+ 36. Ke3 Nd1+ 37. Kd3 Nf2+ 38. Kd2 Ne4+ 39. Ke3 Qd2+
40. Kf3 Qd3+ 41. Kg2 Qg3+ 42. Kf1 Qd3+ 43. Kg2 Qc2+ 44. Qxc2 Rxc2+ 45. Kf3 gxf5
46. Rb8+ Kh7 47. Bxa7 Ra2 48. Rb7 Kg6 49. Rb6+ f6 50. Ra6 Nd2+ 51. Ke3 h5 52.
Bd4 Ne4 53. Ra8 h4 54. Kf3 Nd2+ 55. Kg2 Kh5 56. Rg8 Ne4+ 57. Kf3 Ra3+ 58. Be3
Ng3 59. Rh8+ Kg6 60. Kf2 Nh5 61. Rg8+ Kh7 62. Rg2 Ng3 63. Rh2 Ra2+ 64. Kg1 Rxh2
65. Kxh2 Nf1+ 66. Kh3 Nxe3 67. a5 Nd5 68. a6 Nxf4+ 69. Kxh4 Nd5 70. a7 Nc7 0-1